Experimentovanie v prostredí STELLA a iDMC návody na využitie kvalitatívnych virtuálnych experimentov vo výskume a výučbe na Ekonomickej univerzite v Bratislave

Saved in:
Bibliographic Details
Main Author: Andrášik, Ladislav
Corporate Author: Ekonomická univerzita v Bratislave
Other Authors: Figura, Ivan, Grell, Michal
Format: Book
Language:Slovak
Published: Bratislava Vydavateľstvo EKONÓM 2013
Edition:1. vyd.
Subjects:
Tags: Add Tag
No Tags, Be the first to tag this record!

MARC

LEADER 00000nam a2200000 4500
001 0165741
005 20240502072904.6
020 |a 978-80-225-3529-8 
041 0 |a slo 
044 |a SK 
245 1 0 |a Experimentovanie v prostredí STELLA a iDMC  |b návody na využitie kvalitatívnych virtuálnych experimentov vo výskume a výučbe na Ekonomickej univerzite v Bratislave  |c Ladislav Andrášik ; recenzenti: Ivan Figura, Michal Grell 
250 |a 1. vyd. 
264 1 |a Bratislava  |b Vydavateľstvo EKONÓM  |c 2013 
300 |a 194 s. [15,09 AH] 
610 2 0 |a veda ekonomická 
610 2 0 |a modelovanie 
610 2 0 |a modely simulačné 
610 2 0 |a modely ekonomické 
610 2 0 |a dynamika ekonomiky 
610 2 0 |a dynamika systémov 
610 2 0 |a experimenty 
610 2 0 |a myslenie ekonomické 
610 2 0 |a softvér 
610 2 0 |a technológie informačné 
610 2 0 |a technológie komunikačné 
100 1 |a Andrášik, Ladislav 
700 1 |a Figura, Ivan 
700 1 |a Grell, Michal 
710 2 |a Ekonomická univerzita v Bratislave